02040cam a2200229Ma 450000500170000000800410001702000180005803500210007604000500009704100080014706000110015524501000016626000700026630000240033650512260036065000460158665000410163265000430167365000270171670000310174370000360177420180118154103.0080718s2009 xxua rb 000 0 eng d a9781416030317 a(OCoLC)848063812 aCO-BoUCMbspacSandra PalaciodSandra Palacio0 aeng 4aWS 28000aPulmonary manifestations of pediatric diseasesc[editado por] Nelson L. Turcios, Robert J. Fink aFiladelfia (Pensilvania, Estados Unidos)bSaunders/Elsevierc2009 axiii, 348 páginas0 aChronic lung disease of infancy / Kushal Y. Bhakta, James M. Adams, and Ann R. Stark -- Pulmonary complications of human immunodeficiency virus (HIV) infection / Heather J. Zar and Michael R. Bye -- Pulmonary manifestations of immunosuppressive diseases other than human immunodeficiency virus (HIV) infection / James M. Stark -- Pulmonary manifestations of cardiac disease / Marlyn S. Woo and Jacqueline R. Szmuszkovicz -- Pulmonary manifestations of gastrointestinal, pancreatic, and liver diseases / Joseph Levy -- Pulmonary manifestations of renal diseases / Nelson L. Turcios -- Pulmonary manifestations of hematological-oncology diseases / Raul C. Ribeiro -- Pulmonary manifestations of endocrine and metabolic diseases / Carlos Milla -- Pulmonary manifestations of neuromuscular diseases / John R. Bach -- Pulmonary manifestations of rheumatoid diseases / C. Egla Rabinovich ... [et al.] -- Pulmonary manifestations of systemic vasculitis / Brian P. O'Sullivan -- Pulmonary manifestations of dermatological diseases / Robert Sidbury and Nelson L. Turcios -- Pulmonary manifestations of parasitic diseases / Sherman J. Alter and Nelson L. Turcios -- Pulmonary manifestations of genetic disorders / Beth A. Pletcher.17aEnfermedades respiratorias pediátricas 27aEnfermedades respiratorias xNiños27aInsuficiencia respiratoria en niños 27aNeumología xNiños1 aTurcios, Nelson L.eeditor1 aFink, Robert J.,d1948-eeditor